Normal view MARC view

Entry Nome pessoal

Number of records used in: 1

001 - NÚMERO DE CONTROLE

  • campo de controle: 916

003 - IDENTIFICADOR DO NÚMERO DE CONTROLE

  • campo de controle: DLC

005 - DATA E HORÁRIO DA ÚLTIMA TRANSAÇÃO

  • campo de controle: 20250616143710.0

008 - CAMPO DE DADOS FIXOS

  • campo de controle de tamanho fixo: 910430n| azannaabn |b aaa

010 ## - NÚMERO DE CONTROLE DA LIBRARY OF CONGRESS

  • Número de controle da LC: n 91042381
  • Número de controle da LC cancelado/inválido: n 2008086456
  • Número de controle da LC cancelado/inválido: n 2018014165

024 8# - OUTRO IDENTIFICADOR PADRÃO

  • URI: http://viaf.org/viaf/2471835

035 ## - NÚMERO DE CONTROLE DO SISTEMA

  • Número de Controle do Sistema: (OCoLC)oca02938467

040 ## - FONTE DA CATALOGAÇÃO

  • Instituição da catalogação original: DLC
  • Idioma da catalogação: eng
  • Fontes convencionais de descrições de dados: rda
  • Instituição que transcreveu o registro: DLC
  • Instituição que modificou o registro: DLC
  • Instituição que modificou o registro: OCl
  • Instituição que modificou o registro: SG-SiILA
  • Instituição que modificou o registro: OCoLC
  • Instituição que modificou o registro: DLC
  • Instituição que modificou o registro: IlMpPL
  • Instituição que modificou o registro: DLC
  • Instituição que modificou o registro: MdRoLAC

046 ## - CÓDIGO ESPECIAL DE DATAS

  • Data de nascimento: 1883
  • Data de óbito: 1970
  • Fonte do esquema de data: edtf

100 1# - CABEÇALHO--NOME PESSOAL

  • Nome pessoal: Hill, Napoleon,
  • Datas associadas ao nome: 1883-1970

374 ## - OCUPAÇÃO

  • Ocupação: Lawyers
  • Ocupação: Journalists
  • Fonte do termo: lcdgt

400 1# - REMISSIVA VER--NOME PESSOAL

  • Nome pessoal: Khill, Napoleon,
  • Datas associadas ao nome: 1883-1970

400 1# - REMISSIVA VER--NOME PESSOAL

  • Nome pessoal: Khill, N.
  • Forma completa do nome: (Napoleon),
  • Datas associadas ao nome: 1883-1970

400 1# - REMISSIVA VER--NOME PESSOAL

  • Nome pessoal: Hil, Neppōliyan̲,
  • Datas associadas ao nome: 1883-1970

400 1# - REMISSIVA VER--NOME PESSOAL

  • Nome pessoal: Хилл, Наполеон,
  • Datas associadas ao nome: 1883-1970

670 ## - FONTE POSITIVA DOS DADOS

  • Citação da fonte positiva dos dados: Kimbro, D.P. Think and grow rich, 1991:
  • Dados encontrados na fonte localizada no subcampo: CIP t.p. (Napoleon Hill)

670 ## - FONTE POSITIVA DOS DADOS

  • Citação da fonte positiva dos dados: Napoleon Hill's keys to success, c1994:
  • Dados encontrados na fonte localizada no subcampo: CIP t.p. (Napoleon Hill's) galley sheet (was an eminent attorney and journalist)

670 ## - FONTE POSITIVA DOS DADOS

  • Citação da fonte positiva dos dados: LC data base, 4-29-91
  • Dados encontrados na fonte localizada no subcampo: (hdg.: Hill, Napoleon, 1883-1970)

670 ## - FONTE POSITIVA DOS DADOS

  • Citação da fonte positiva dos dados: Dumaĭ i bogateĭ, 2003:
  • Dados encontrados na fonte localizada no subcampo: t.p. (Napoleon Khill) t.p. verso (Napoleon Hill [in rom.])

670 ## - FONTE POSITIVA DOS DADOS

  • Citação da fonte positiva dos dados: Dumaĭ i bogateĭ. 4, Shestnadt︠s︡atʹ zakonov uspekha, 1998:
  • Dados encontrados na fonte localizada no subcampo: t.p. (N. Khill) cover (Napoleon Khill) t.p. verso (Napoleon Hill [in rom.])

670 ## - FONTE POSITIVA DOS DADOS

  • Citação da fonte positiva dos dados: Man̲am tarum paṇam, 2003:
  • Dados encontrados na fonte localizada no subcampo: t.p. (Neppōliyan̲ Hil)

670 ## - FONTE POSITIVA DOS DADOS

  • Citação da fonte positiva dos dados: The psychology of wealth, 2024:
  • Dados encontrados na fonte localizada no subcampo: ECIP title page (Napoleon Hill)

Powered by Koha